000
00299cam a2200121ua 4500
082
_a
425
_b
HOR/GU
100
_a
Hornby, A.S.
_9
1826
245
_a
Guide to Patterns and Usage in English /
250
_a
1 /
260
_a
London :
_b
Oxford University Press ,
_c
1962.
300
_a
261 ; .
942
_c
BK
999
_c
8558
_d
8558